Stati tra 70 000 000 e 100 000 000 abitanti - Statistics

Statistiche generali
  • Questo quiz è stato fatto 14 volte
  • Il punteggio medio è 4 su 5
Statistiche sulle risposte
Popolazione (ab.) Continente Nazione % Corretto
85 279 553 Asia / Europa Turchia
92%
84 607 016 Europa Germania
85%
84 038 000 Asia Iran
69%
95 370 000 Africa Repubblica Democratica del Congo
54%
100 000 000 Asia Vietnam
54%
Nessun quiz corrispondente trovato
Distribuzione punteggi
Percentuale di utenti per punteggio
Percentile per numero di risposta
I tuoi punteggi nel tempo
Non hai fatto questo quiz